[Event "4NCL/Div3/CHEDP vs. BRJ"]
[Site "Coventry ENG"]
[Date "2007.01.13"]
[Round "5.8"]
[White "Tomboline, David"]
[Black "Whitfield, Craig M"]
[Result "1/2-1/2"]
[WhiteElo "1975"]
[BlackElo "1895"]
[PlyCount "125"]
[EventDate "2007.01.13"]
[EventType "team"]
[EventRounds "11"]
[EventCountry "ENG"]
[WhiteTeam "Brown Jack"]
[BlackTeam "Cheddleton"]

1. d4 Nf6 2. Bf4 g6 3. e3 Bg7 4. Nf3 d6 5. Be2 Nbd7 6. O-O O-O 7. h3 c5 8. c3
a6 9. a4 b6 10. Nbd2 Bb7 11. Qb1 Nh5 12. Bh2 d5 13. Ne5 Bxe5 14. dxe5 Ng7 15.
Nf3 e6 16. Bf4 Qc7 17. Bd3 c4 18. Bc2 Nc5 19. Nd4 Qd7 20. Qd1 b5 21. a5 Rab8
22. Bh6 Ba8 23. Qf3 Qe7 24. Qf6 Qxf6 25. exf6 Nh5 26. Bxf8 Kxf8 27. Bd1 Nxf6
28. Nc2 Nd3 29. Nb4 Nxb4 30. cxb4 Rc8 31. Bf3 Nd7 32. b3 Ne5 33. Be2 Nc6 34.
bxc4 bxc4 35. Rfb1 Na7 36. Bd1 Bc6 37. Ba4 Nb5 38. Bxb5 Bxb5 39. f4 Ke7 40. Kf2
Rc7 41. Rc1 Kd7 42. Rc3 Ke7 43. Rd1 Bc6 44. Ke2 Rb7 45. Rb1 Bb5 46. Kd2 Rb8 47.
Rcc1 Rb7 48. Kc3 Rb8 49. Kd4 Rc8 50. g3 Kd6 51. e4 Rc7 52. Rc3 Rb7 53. g4 Bc6
54. exd5 exd5 55. Re3 Rc7 56. f5 Rc8 57. Re5 Rb8 58. f6 Rb7 59. g5 c3 60. Ree1
c2 61. Rb2 Ba4 62. Rc1 Rc7 63. Kd3 1/2-1/2

[Event "4NCL/Div3/NWE2 vs. FCA1"]
[Site "Coventry ENG"]
[Date "2007.01.13"]
[Round "5.1"]
[White "Hague, Ben"]
[Black "Hetey, Laszlo"]
[Result "1/2-1/2"]
[WhiteElo "2298"]
[BlackElo "2337"]
[PlyCount "34"]
[EventDate "2007.01.13"]
[EventType "team"]
[EventRounds "11"]
[EventCountry "ENG"]
[WhiteTeam "N W Eagles 2"]
[BlackTeam "FCA Solutions 1"]

1. e4 c5 2. d4 cxd4 3. c3 d3 4. Bxd3 Nc6 5. f4 d5 6. e5 Nh6 7. Nf3 g6 8. O-O
Bg7 9. c4 O-O 10. cxd5 Qxd5 11. Nc3 Qc5+ 12. Kh1 Rd8 13. Qe2 Bf5 14. Bb5 a6 15.
Be3 Qb4 16. a3 Qa5 17. Bc4 b5 1/2-1/2

[Event "4NCL/Div3/NWE2 vs. FCA1"]
[Site "Coventry ENG"]
[Date "2007.01.13"]
[Round "5.2"]
[White "Tippleston, Charles"]
[Black "Coates, Kenneth G"]
[Result "1-0"]
[WhiteElo "2192"]
[BlackElo "2240"]
[PlyCount "117"]
[EventDate "2007.01.13"]
[EventType "team"]
[EventRounds "11"]
[EventCountry "ENG"]
[WhiteTeam "FCA Solutions 1"]
[BlackTeam "N W Eagles 2"]

1. e4 d5 2. exd5 Qxd5 3. Nc3 Qd6 4. Nf3 Nf6 5. Be2 a6 6. O-O Bg4 7. h3 Bh5 8.
b4 e6 9. Rb1 c6 10. a4 Be7 11. b5 axb5 12. axb5 O-O 13. bxc6 bxc6 14. d3 Nbd7
15. Nd2 Bxe2 16. Qxe2 Rfb8 17. Nc4 Qd4 18. Bd2 Bb4 19. Nd1 Bxd2 20. Rxb8+ Rxb8
21. Qxd2 Ne5 22. Qe3 Qxe3 23. Ndxe3 Nxc4 24. Nxc4 Nd5 25. Ra1 h5 26. g3 f6 27.
Kf1 e5 28. Ke2 Kh7 29. Kd2 Nb6 30. Ne3 Kg6 31. Ra6 Rb7 32. c4 c5 33. Ra5 Nd7
34. Kc2 Kf7 35. h4 g6 36. Nd5 Ke6 37. Ra6+ Kf7 38. Nc3 Nf8 39. Ne4 Rc7 40.
Rxf6+ Kg7 41. Ra6 Nd7 42. Ng5 Nf8 43. Ne6+ Nxe6 44. Rxe6 Rf7 45. Rxe5 Rxf2+ 46.
Kc3 Rf3 47. Rxc5 Rxg3 48. Re5 g5 49. c5 gxh4 50. Rxh5 h3 51. Kc4 Kg6 52. Rh8
Kg5 53. d4 Kg4 54. c6 Rg2 55. Kd5 Rc2 56. Kd6 h2 57. c7 Kg3 58. d5 Kg2 59. Kd7
1-0

[Event "4NCL/Div3/NWE2 vs. FCA1"]
[Site "Coventry ENG"]
[Date "2007.01.13"]
[Round "5.3"]
[White "Lyell, Mark"]
[Black "Constantinou, Peter"]
[Result "0-1"]
[WhiteElo "2212"]
[BlackElo "2165"]
[PlyCount "80"]
[EventDate "2007.01.13"]
[EventType "team"]
[EventRounds "11"]
[EventCountry "ENG"]
[WhiteTeam "N W Eagles 2"]
[BlackTeam "FCA Solutions 1"]

1. e4 b6 2. d4 Bb7 3. Bd3 g6 4. Nf3 Bg7 5. O-O d6 6. Nc3 Nd7 7. Qe2 e6 8. Bg5
Qc8 9. Rad1 h6 10. Bh4 a6 11. Rfe1 Ne7 12. h3 Qd8 13. Qd2 O-O 14. Ne2 Qe8 15.
Nh2 Kh8 16. c3 g5 17. Bg3 f5 18. exf5 Nxf5 19. Ng4 Qf7 20. Ne3 Nxe3 21. fxe3
Nf6 22. Rf1 Qd7 23. Rf2 Ne4 24. Bxe4 Bxe4 25. Rdf1 b5 26. Bh2 Bg6 27. Ng3 Qe7
28. Qe2 Kh7 29. Qg4 c5 30. Ne4 e5 31. dxc5 dxc5 32. Rxf8 Rxf8 33. Rxf8 Qxf8 34.
h4 gxh4 35. Qxh4 Qf5 36. Nxc5 Qb1+ 37. Kf2 Qxb2+ 38. Kf3 Qxc3 39. Ne4 Qc6 40.
Bxe5 Bxe5 0-1

[Event "4NCL/Div3/NWE2 vs. FCA1"]
[Site "Coventry ENG"]
[Date "2007.01.13"]
[Round "5.4"]
[White "Macdonald-Ross, Michael"]
[Black "Hulmes, David I"]
[Result "1/2-1/2"]
[WhiteElo "2143"]
[BlackElo "2212"]
[PlyCount "103"]
[EventDate "2007.01.13"]
[EventType "team"]
[EventRounds "11"]
[EventCountry "ENG"]
[WhiteTeam "FCA Solutions 1"]
[BlackTeam "N W Eagles 2"]

1. d4 d5 2. Nf3 Nf6 3. c4 e6 4. g3 Be7 5. Bg2 O-O 6. O-O dxc4 7. Na3 Bxa3 8.
bxa3 Bd7 9. Ne5 Bc6 10. Nxc6 Nxc6 11. Bb2 Nd5 12. Rc1 Nb6 13. e4 Qd7 14. d5
exd5 15. exd5 Ne7 16. Qd4 f6 17. Rfd1 Rad8 18. Qh4 Nexd5 19. Rxc4 Qf7 20. Rcc1
c6 21. Be4 g6 22. Bb1 Rfe8 23. Qg4 Rd6 24. h4 Qe6 25. Qd4 Qh3 26. Re1 Ne3 27.
Rxe3 Rxd4 28. Rxe8+ Kf7 29. Bxd4 Kxe8 30. Bxf6 Kf7 31. Bg5 Nd5 32. Be4 Nf6 33.
Bf3 Qe6 34. Rb1 b6 35. Rb4 Kg7 36. Rf4 Nd5 37. Re4 Qf5 38. Kg2 h6 39. Bc1 Qf7
40. Bb2+ Kh7 41. h5 g5 42. Re5 Ne7 43. Bg4 c5 44. Re6 Nf5 45. Rf6 Qd5+ 46. Bf3
Qd2 47. Rf7+ Kg8 48. Rxf5 Qxb2 49. Bd5+ Kh8 50. Rf8+ Kg7 51. Rf7+ Kh8 52. Rf8+
1/2-1/2

[Event "4NCL/Div3/NWE2 vs. FCA1"]
[Site "Coventry ENG"]
[Date "2007.01.13"]
[Round "5.5"]
[White "Hughes, Howard R"]
[Black "Smith, Graham"]
[Result "0-1"]
[WhiteElo "2208"]
[BlackElo "2133"]
[PlyCount "82"]
[EventDate "2007.01.13"]
[EventType "team"]
[EventRounds "11"]
[EventCountry "ENG"]
[WhiteTeam "N W Eagles 2"]
[BlackTeam "FCA Solutions 1"]

1. e4 Nc6 2. Nc3 e5 3. f4 exf4 4. Nf3 g5 5. h4 g4 6. Ng5 h6 7. Nxf7 Kxf7 8.
Qxg4 Nf6 9. Qxf4 Bd6 10. Qf2 Be5 11. Bc4+ Ke7 12. Nd5+ Nxd5 13. exd5 Nd4 14.
O-O Rf8 15. Qe3 Rxf1+ 16. Bxf1 Qh8 17. c3 Nc2 18. Qe4 Nxa1 19. d4 d6 20. dxe5
dxe5 21. Be3 Bd7 22. Bc5+ Kd8 23. Be2 c6 24. Bd6 Qf6 25. Bxe5 Qf5 26. Qd4 Nc2
27. Qf4 Qxf4 28. Bxf4 cxd5 29. Bd3 Na1 30. Bxh6 Ke7 31. Bg5+ Kf7 32. Kf2 Bg4
33. Ke3 Re8+ 34. Kd4 Ke6 35. Bg6 Rg8 36. Bh7 Rf8 37. Ke3 Bf5 38. Bxf5+ Rxf5 39.
g4 Nc2+ 40. Kd3 Ne1+ 41. Ke2 Re5+ 0-1

[Event "4NCL/Div3/NWE2 vs. FCA1"]
[Site "Coventry ENG"]
[Date "2007.01.13"]
[Round "5.6"]
[White "Habershon, Paul"]
[Black "Spence, David"]
[Result "0-1"]
[WhiteElo "2095"]
[BlackElo "2166"]
[PlyCount "110"]
[EventDate "2007.01.13"]
[EventType "team"]
[EventRounds "11"]
[EventCountry "ENG"]
[WhiteTeam "FCA Solutions 1"]
[BlackTeam "N W Eagles 2"]

1. e4 e6 2. d4 d5 3. Nc3 Bb4 4. Bd2 dxe4 5. Qg4 Nf6 6. Qxg7 Rg8 7. Qh6 Bxc3 8.
Bxc3 Nbd7 9. O-O-O Rg6 10. Qh4 b6 11. f3 Bb7 12. fxe4 Nxe4 13. Qxd8+ Rxd8 14.
Be1 Ndf6 15. Nf3 Ng4 16. Bb5+ Kf8 17. Bb4+ Kg7 18. Bd3 Ngf2 19. Ne5 Nxd1 20.
Nxg6 Ndf2 21. Bxe4 Nxh1 22. Bxb7 fxg6 23. Be1 g5 24. g4 Rf8 25. Bg2 Nf2 26. h3
h5 27. gxh5 Kh6 28. Kd2 g4 29. hxg4 Nxg4 30. Bg3 Kxh5 31. Ke2 Rf7 32. Bc6 Kg5
33. Kd3 Nf2+ 34. Kc4 Kg4 35. Be5 Kf5 36. Kb5 Ng4 37. Bg3 e5 38. c3 e4 39. Ka6
e3 40. Kxa7 Nf2 41. Bf3 Nd3 42. b4 Nf4 43. a4 Rg7 44. Bh2 e2 45. Bxe2 Nxe2 46.
Be5 Re7 47. Bxc7 Rxc7+ 48. Kxb6 Rxc3 49. a5 Nf4 50. b5 Nd5+ 51. Kb7 Ke6 52. a6
Kd7 53. a7 Nc7 54. b6 Rb3 55. d5 Rb1 0-1

[Event "4NCL/Div3/NWE2 vs. FCA1"]
[Site "Coventry ENG"]
[Date "2007.01.13"]
[Round "5.7"]
[White "Savory, Richard"]
[Black "Freeman, Richard C P"]
[Result "1-0"]
[WhiteElo "2119"]
[BlackElo "2106"]
[PlyCount "101"]
[EventDate "2007.01.13"]
[EventType "team"]
[EventRounds "11"]
[EventCountry "ENG"]
[WhiteTeam "N W Eagles 2"]
[BlackTeam "FCA Solutions 1"]

1. e4 c5 2. Nf3 g6 3. d4 Bg7 4. Nc3 cxd4 5. Nxd4 Nc6 6. Be3 Nf6 7. Nb3 O-O 8.
Be2 d6 9. f4 Bd7 10. g4 Rc8 11. O-O Ne8 12. f5 b6 13. Qe1 Ne5 14. Qh4 e6 15.
Qxd8 Rxd8 16. Rad1 Bc6 17. Nd4 exf5 18. exf5 gxf5 19. Nxf5 Nf6 20. Nxg7 Kxg7
21. Bg5 Nfxg4 22. Bxd8 Rxd8 23. Bxg4 Nxg4 24. Rfe1 Rd7 25. Nd5 Ne5 26. Kf2 f5
27. h3 Kf7 28. b3 Ke6 29. Nf4+ Kf6 30. Nd5+ Ke6 31. c4 Rg7 32. Rg1 Rxg1 33.
Nf4+ Kf6 34. Rxg1 Be4 35. Nh5+ Ke6 36. Ng3 Nd3+ 37. Ke3 Nb4 38. Nxe4 fxe4 39.
Rg2 Ke5 40. a3 Nd3 41. Rg5+ Kf6 42. Rg1 a5 43. Kxe4 Nc5+ 44. Kd5 Nxb3 45. Kxd6
Nd2 46. Rc1 Nb3 47. Rf1+ Kg5 48. Kc6 Kh4 49. Kxb6 Nd2 50. Rf4+ Kxh3 51. c5 1-0

[Event "4NCL/Div3/NWE2 vs. FCA1"]
[Site "Coventry ENG"]
[Date "2007.01.13"]
[Round "5.8"]
[White "Stenning, Marissa"]
[Black "Morrison, Lynne"]
[Result "1/2-1/2"]
[WhiteElo "1815"]
[BlackElo "1966"]
[PlyCount "77"]
[EventDate "2007.01.13"]
[EventType "team"]
[EventRounds "11"]
[EventCountry "ENG"]
[WhiteTeam "FCA Solutions 1"]
[BlackTeam "N W Eagles 2"]

1. c4 Nf6 2. g3 d5 3. Bg2 c6 4. Qc2 e5 5. d3 Bg4 6. Nd2 Bd6 7. Ngf3 Nbd7 8. a3
a5 9. Rb1 O-O 10. O-O Qe7 11. Re1 Bc5 12. e4 dxe4 13. Nxe4 Nxe4 14. Rxe4 Bf5
15. Re1 Qd6 16. Rd1 Nf6 17. Nh4 Bg4 18. Bf3 Bxf3 19. Nxf3 Ng4 20. d4 exd4 21.
Qd3 Qg6 22. b4 axb4 23. axb4 Bb6 24. c5 Bc7 25. Nxd4 Qf6 26. Qf5 Qg6 27. f3 Nf6
28. Qxg6 hxg6 29. Bb2 Rfd8 30. Nc2 Rxd1+ 31. Rxd1 Ra2 32. Bxf6 gxf6 33. Rd7 Be5
34. Ne3 Ra7 35. Nc4 Bc3 36. Nd6 Bxb4 37. Nxb7 Ra2 38. Rc7 Ra7 39. Rd7 1/2-1/2

[Event "4NCL/Div3/MIN vs. GUI4"]
[Site "Coventry ENG"]
[Date "2007.01.13"]
[Round "5.1"]
[White "Rizouk, Ryad"]
[Black "Howell, Christopher"]
[Result "1-0"]
[WhiteElo "2359"]
[BlackElo "2114"]
[PlyCount "85"]
[EventDate "2007.01.13"]
[EventType "team"]
[EventRounds "11"]
[EventCountry "ENG"]
[WhiteTeam "Mind Sports"]
[BlackTeam "Guildford-ADC 4"]

1. e4 c5 2. Nf3 Nc6 3. d4 cxd4 4. Nxd4 Nf6 5. Nc3 e5 6. Ndb5 d6 7. Nd5 Nxd5 8.
exd5 Ne7 9. a4 Ng6 10. Be3 a6 11. Na3 Be7 12. g3 f5 13. Nc4 O-O 14. f3 f4 15.
Bf2 fxg3 16. hxg3 Bf5 17. a5 Bg5 18. Rh5 Rc8 19. c3 h6 20. Qa4 Qe7 21. Qb4 Rf6
22. Ne3 Rcf8 23. O-O-O Bxe3+ 24. Bxe3 e4 25. Re1 Bg4 26. fxg4 Rxf1 27. Rh1 Rxh1
28. Rxh1 Rf3 29. Re1 Rxg3 30. Qc4 Kh7 31. g5 h5 32. Kb1 Nh4 33. Bf4 Nf3 34.
Rxe4 Rg1+ 35. Ka2 Qd8 36. Qd3 g6 37. Qxf3 Qxa5+ 38. Kb3 Qxd5+ 39. c4 Qd1+ 40.
Qxd1 Rxd1 41. Re7+ Kg8 42. Re6 Kf7 43. Rf6+ 1-0

[Event "4NCL/Div3/MIN vs. GUI4"]
[Site "Coventry ENG"]
[Date "2007.01.13"]
[Round "5.2"]
[White "Shepley, Julien M"]
[Black "Hardman, Michael J"]
[Result "1/2-1/2"]
[WhiteElo "2116"]
[BlackElo "2133"]
[PlyCount "115"]
[EventDate "2007.01.13"]
[EventType "team"]
[EventRounds "11"]
[EventCountry "ENG"]
[WhiteTeam "Guildford-ADC 4"]
[BlackTeam "Mind Sports"]

1. d4 Nf6 2. Bg5 Ne4 3. Bf4 d6 4. f3 Nf6 5. e4 g6 6. c4 Bg7 7. Nc3 O-O 8. Qd2
c5 9. d5 Nh5 10. Bh6 e5 11. Nge2 f5 12. Bxg7 Nxg7 13. h4 f4 14. O-O-O Nh5 15.
Qe1 Na6 16. a3 Nc7 17. g4 fxg3 18. Nxg3 Nxg3 19. Qxg3 Qf6 20. Be2 h6 21. Rdg1
Kh7 22. Kc2 Bd7 23. Rg2 Rg8 24. Rf1 Raf8 25. Nb5 Nxb5 26. cxb5 Qf4 27. Qxf4
Rxf4 28. Rh1 Kg7 29. Rg3 Kf6 30. Kc3 Kg7 31. a4 Kh7 32. a5 Rf7 33. b6 axb6 34.
axb6 Ra8 35. Rgg1 Rff8 36. Ra1 Kg7 37. b3 Kf6 38. Kb2 Rh8 39. Kc3 g5 40. hxg5+
Kxg5 41. Rag1+ Kf6 42. Rg3 Kf7 43. f4 exf4 44. Rf3 Kg7 45. Rg1+ Kh7 46. Rxf4
Rhf8 47. Rgf1 Rxf4 48. Rxf4 Kg7 49. Bh5 Rf8 50. Rxf8 Kxf8 51. b4 cxb4+ 52. Kxb4
Ke7 53. Kc3 Kf6 54. Kd4 Kg5 55. Be2 Kf6 56. Bf3 Bh3 57. Be2 Bd7 58. Bf3 1/2-1/2

[Event "4NCL/Div3/MIN vs. GUI4"]
[Site "Coventry ENG"]
[Date "2007.01.13"]
[Round "5.3"]
[White "Almond, Richard"]
[Black "Hill, David F"]
[Result "1/2-1/2"]
[WhiteElo "2109"]
[BlackElo "2061"]
[PlyCount "40"]
[EventDate "2007.01.13"]
[EventType "team"]
[EventRounds "11"]
[EventCountry "ENG"]
[WhiteTeam "Mind Sports"]
[BlackTeam "Guildford-ADC 4"]

1. d4 d5 2. c4 c6 3. Nf3 Nf6 4. Nc3 dxc4 5. a4 Bf5 6. e3 e6 7. Bxc4 Bb4 8. O-O
O-O 9. Nh4 Nbd7 10. f3 Nb6 11. Bb3 Nfd5 12. Nxf5 Nxc3 13. bxc3 Bxc3 14. Rb1
exf5 15. Qd3 Bb4 16. Qxf5 a5 17. Bb2 Qe7 18. e4 Rad8 19. Rfd1 Nd5 20. Bxd5 cxd5
1/2-1/2

[Event "4NCL/Div3/MIN vs. GUI4"]
[Site "Coventry ENG"]
[Date "2007.01.13"]
[Round "5.4"]
[White "Smart, Michael R"]
[Black "Edwards, Ray B"]
[Result "1/2-1/2"]
[WhiteElo "1978"]
[BlackElo "2131"]
[PlyCount "112"]
[EventDate "2007.01.13"]
[EventType "team"]
[EventRounds "11"]
[EventCountry "ENG"]
[WhiteTeam "Guildford-ADC 4"]
[BlackTeam "Mind Sports"]

1. e4 c6 2. d4 d5 3. exd5 cxd5 4. c4 Nf6 5. Nc3 e6 6. a3 Be7 7. Nf3 O-O 8. Bd3
dxc4 9. Bxc4 b6 10. O-O Bb7 11. Bf4 Nbd7 12. Rc1 Rc8 13. Ba2 Ne4 14. Nb5 Rxc1
15. Qxc1 a6 16. Nc7 Ndf6 17. Ne5 Nd5 18. Nxd5 Bxd5 19. Nc6 Bxc6 20. Qxc6 Qxd4
21. Be3 Qxb2 22. Bxe6 Nf6 23. Bh3 Qxa3 24. Bxb6 Qd6 25. Qxd6 Bxd6 26. Ra1 Rb8
27. Bd4 Bb4 28. g3 a5 29. Bg2 Nd7 30. Bc6 Nf8 31. Ba7 Rc8 32. Ba4 Ne6 33. Bb6
Rb8 34. Be3 Kf8 35. Rd1 Rd8 36. Rc1 Ke7 37. Rc6 Rd6 38. Rc8 Kf6 39. Ra8 Rd3 40.
Ra7 Ra3 41. Be8 Be7 42. g4 g5 43. Kg2 a4 44. Rxa4 Rxa4 45. Bxa4 Bc5 46. Bd2 Ke5
47. Bc2 h6 48. Bc3+ Bd4 49. Ba5 Nf4+ 50. Kf3 Ne6 51. Bh7 Bc5 52. Bc3+ Bd4 53.
Bd2 Bc5 54. Kg3 Nf4 55. Bxf4+ gxf4+ 56. Kf3 Kf6 1/2-1/2

[Event "4NCL/Div3/MIN vs. GUI4"]
[Site "Coventry ENG"]
[Date "2007.01.13"]
[Round "5.5"]
[White "Ackley, Peter"]
[Black "Bryant, Richard"]
[Result "1-0"]
[WhiteElo "2115"]
[BlackElo "1944"]
[PlyCount "83"]
[EventDate "2007.01.13"]
[EventType "team"]
[EventRounds "11"]
[EventCountry "ENG"]
[WhiteTeam "Mind Sports"]
[BlackTeam "Guildford-ADC 4"]

1. c4 e6 2. g3 d5 3. Bg2 c6 4. Nf3 Nf6 5. b3 Nbd7 6. Bb2 Be7 7. O-O O-O 8. d4
Ne4 9. Nbd2 f5 10. Qc2 Qe8 11. Ne1 Bg5 12. Ndf3 Be7 13. Nd3 Rf6 14. Bc1 h6 15.
Nfe5 g5 16. f3 Nd6 17. Bd2 Rf8 18. c5 Nf7 19. Ng6 Bf6 20. e3 e5 21. Nxf8 Qxf8
22. Bc3 Qg7 23. dxe5 Nfxe5 24. Nxe5 Nxe5 25. Bd4 Bd7 26. Rad1 Re8 27. Qc3 Bc8
28. Rfe1 Qf7 29. f4 Nd7 30. b4 Bxd4 31. exd4 Nf6 32. Rxe8+ Qxe8 33. Re1 Ne4 34.
Bxe4 fxe4 35. fxg5 hxg5 36. Qe3 Qh5 37. a4 a6 38. Qf2 Bg4 39. b5 axb5 40. axb5
cxb5 41. Qf6 Bf3 42. Ra1 1-0

[Event "4NCL/Div3/MIN vs. GUI4"]
[Site "Coventry ENG"]
[Date "2007.01.13"]
[Round "5.6"]
[White "Gibbs, Daniel"]
[Black "Parker, Robert"]
[Result "0-1"]
[WhiteElo "1985"]
[BlackElo "2097"]
[PlyCount "100"]
[EventDate "2007.01.13"]
[EventType "team"]
[EventRounds "11"]
[EventCountry "ENG"]
[WhiteTeam "Guildford-ADC 4"]
[BlackTeam "Mind Sports"]

1. d4 Nf6 2. Nf3 e6 3. c4 Bb4+ 4. Nc3 b6 5. Bg5 h6 6. Bh4 Bxc3+ 7. bxc3 Bb7 8.
Nd2 d6 9. f3 Nbd7 10. e4 e5 11. Bd3 Nf8 12. Qa4+ Qd7 13. Qxd7+ N6xd7 14. Bc2
Ng6 15. Bf2 O-O 16. g3 Ne7 17. g4 Ng6 18. Bg3 Nf4 19. h4 Rfe8 20. Bxf4 exf4 21.
Kf2 Nf8 22. Rag1 g6 23. g5 h5 24. Re1 Rad8 25. Ba4 Re7 26. d5 Ba6 27. Nb3 c5
28. dxc6 Bxc4 29. Nd4 Ne6 30. Nxe6 fxe6 31. Bc2 e5 32. Rb1 Rc7 33. Rb4 Rxc6 34.
Rxc4 Rxc4 35. Bb3 d5 36. Bxc4 dxc4 37. Ke2 Rd3 38. Rb1 Kf7 39. Rb4 Rxc3 40. a4
Re3+ 41. Kf2 c3 42. a5 bxa5 43. Rb7+ Ke6 44. Rxa7 Kd6 45. Rxa5 c2 46. Ra6+ Kc5
47. Ra5+ Kc4 48. Ra8 Kd3 49. Rd8+ Kc3 50. Rc8+ Kd2 0-1

[Event "4NCL/Div3/MIN vs. GUI4"]
[Site "Coventry ENG"]
[Date "2007.01.13"]
[Round "5.7"]
[White "Twitchell, Neville H"]
[Black "Eckloff, Colin"]
[Result "0-1"]
[WhiteElo "1978"]
[BlackElo "1940"]
[PlyCount "96"]
[EventDate "2007.01.13"]
[EventType "team"]
[EventRounds "11"]
[EventCountry "ENG"]
[WhiteTeam "Mind Sports"]
[BlackTeam "Guildford-ADC 4"]

1. e4 e5 2. Nf3 Nc6 3. Bb5 a6 4. Bxc6 dxc6 5. O-O Bg4 6. h3 Bxf3 7. Qxf3 Qd7 8.
d3 O-O-O 9. Nd2 f6 10. Nc4 h5 11. Ne3 Bc5 12. Qf5 Ne7 13. Qxd7+ Rxd7 14. f4 f5
15. fxe5 fxe4 16. dxe4 Ng6 17. Kh1 Rd4 18. Nf5 Rxe4 19. Nxg7 Rxe5 20. Bd2 Re2
21. Bc3 Rg8 22. Nxh5 Rxc2 23. Nf6 Rd8 24. Rac1 Rxc1 25. Rxc1 Nf4 26. Re1 Nd5
27. Nxd5 cxd5 28. g4 d4 29. Bd2 Rf8 30. Re2 d3 31. Re5 b6 32. Rf5 Re8 33. b4
Be3 34. Bxe3 Rxe3 35. Kg2 Kd7 36. Rf2 Kc6 37. a3 Kb5 38. g5 Kc4 39. h4 Kc3 40.
g6 Re6 41. h5 Re5 42. Rf3 Rg5+ 43. Rg3 Rxg3+ 44. Kxg3 d2 45. g7 d1=Q 46. h6
Qd6+ 47. Kg4 Qg6+ 48. Kf3 Kb3 0-1

[Event "4NCL/Div3/MIN vs. GUI4"]
[Site "Coventry ENG"]
[Date "2007.01.13"]
[Round "5.8"]
[White "Franklin, Samuel"]
[Black "Robson, Caroline"]
[Result "1-0"]
[WhiteElo "1880"]
[BlackElo "1765"]
[PlyCount "51"]
[EventDate "2007.01.13"]
[EventType "team"]
[EventRounds "11"]
[EventCountry "ENG"]
[WhiteTeam "Guildford-ADC 4"]
[BlackTeam "Mind Sports"]

1. c4 Nf6 2. Nf3 g6 3. g3 Bg7 4. Bg2 O-O 5. O-O d6 6. Nc3 Nbd7 7. d3 e5 8. Rb1
Qe7 9. Bg5 c6 10. Qd2 Qe8 11. Rbc1 Kh8 12. d4 Ng8 13. d5 h6 14. dxc6 bxc6 15.
Be3 Qe7 16. Rfd1 Bb7 17. Qxd6 Qxd6 18. Rxd6 Nb6 19. b3 Ne7 20. Bxb6 axb6 21.
Rd7 Rab8 22. Rxe7 Rfd8 23. Nxe5 Rd2 24. Nxc6 Bc8 25. Nxb8 Bxc3 26. Re8+ 1-0

[Event "4NCL/Div3/PAP vs. SWD2"]
[Site "Coventry ENG"]
[Date "2007.01.13"]
[Round "5.1"]
[White "Summerscale, Aaron"]
[Black "Trevelyan, John"]
[Result "1-0"]
[WhiteElo "2487"]
[BlackElo "2210"]
[PlyCount "53"]
[EventDate "2007.01.13"]
[EventType "team"]
[EventRounds "11"]
[EventCountry "ENG"]
[WhiteTeam "Pride+Prejudice"]
[BlackTeam "S W Dragons 2"]

1. d4 d6 2. Nf3 Nd7 3. e4 e5 4. Bc4 c6 5. O-O Be7 6. dxe5 dxe5 7. Ng5 Bxg5 8.
Qh5 Qf6 9. Qxg5 Qxg5 10. Bxg5 Nb6 11. Be2 Be6 12. b3 Ne7 13. Nd2 f6 14. Be3 Nd7
15. Rfd1 c5 16. Bc4 Kf7 17. Bxe6+ Kxe6 18. Nc4 Nc8 19. Rd2 b6 20. Rad1 Nb8 21.
a4 Re8 22. a5 Kf7 23. Ra1 b5 24. Na3 b4 25. Nc4 Na6 26. Rd5 Ne7 27. Rd6 1-0

[Event "4NCL/Div3/PAP vs. SWD2"]
[Site "Coventry ENG"]
[Date "2007.01.13"]
[Round "5.2"]
[White "Spice, Alan"]
[Black "Flear, Christine"]
[Result "1-0"]
[WhiteElo "2185"]
[BlackElo "2160"]
[PlyCount "73"]
[EventDate "2007.01.13"]
[EventType "team"]
[EventRounds "11"]
[EventCountry "ENG"]
[WhiteTeam "S W Dragons 2"]
[BlackTeam "Pride+Prejudice"]

1. Nc3 d5 2. e4 d4 3. Nce2 e5 4. Ng3 Be6 5. c3 c5 6. Bb5+ Nd7 7. Nf3 f6 8. Qe2
Ne7 9. O-O Qb6 10. a4 a6 11. Bc4 g6 12. a5 Qd6 13. Rd1 Nc6 14. Nf1 Be7 15. Bxe6
Qxe6 16. d3 Bd8 17. cxd4 cxd4 18. Bd2 Qb3 19. Be1 Nc5 20. Ra3 Qb5 21. b4 Nxb4
22. Rb1 Bxa5 23. Rxa5 Qxa5 24. Bxb4 Qb6 25. Qa2 Nxd3 26. Ba5 Qc6 27. Rb6 Qd7
28. Rxf6 Rc8 29. Re6+ Kf8 30. Qa3+ Nc5 31. Rxe5 Qd6 32. N1d2 Kg7 33. Nc4 Qc6
34. Nxd4 Qf6 35. Rxc5 Rhd8 36. Rxc8 Rxc8 37. Ne3 1-0

[Event "4NCL/Div3/PAP vs. SWD2"]
[Site "Coventry ENG"]
[Date "2007.01.13"]
[Round "5.3"]
[White "Winkelmann, Elena"]
[Black "Powell, Lloyd"]
[Result "1-0"]
[WhiteElo "2075"]
[BlackElo "2168"]
[PlyCount "67"]
[EventDate "2007.01.13"]
[EventType "team"]
[EventRounds "11"]
[EventCountry "ENG"]
[WhiteTeam "Pride+Prejudice"]
[BlackTeam "S W Dragons 2"]

1. d4 Nf6 2. c4 g6 3. Nc3 Bg7 4. e4 d6 5. f3 O-O 6. Be3 Nc6 7. Nge2 Rb8 8. Qd2
a6 9. g4 b5 10. cxb5 axb5 11. Ng3 b4 12. Nce2 Re8 13. h4 e5 14. d5 Nd4 15. Nxd4
exd4 16. Bxd4 Bxg4 17. Be2 Bd7 18. h5 c6 19. dxc6 Bxc6 20. Rc1 Bb5 21. Bxb5
Rxb5 22. h6 Bh8 23. Kf2 d5 24. e5 Nd7 25. f4 f6 26. e6 Rxe6 27. f5 gxf5 28. Qd3
Rbb6 29. Nxf5 Ne5 30. Rhg1+ Ng6 31. Bxb6 Qxb6+ 32. Kf1 Kf7 33. Qxd5 Qa6+ 34.
Qc4 1-0

[Event "4NCL/Div3/PAP vs. SWD2"]
[Site "Coventry ENG"]
[Date "2007.01.13"]
[Round "5.4"]
[White "Rees, Gwynfor"]
[Black "Forbes, Cathy"]
[Result "1-0"]
[WhiteElo "2167"]
[BlackElo "2098"]
[PlyCount "109"]
[EventDate "2007.01.13"]
[EventType "team"]
[EventRounds "11"]
[EventCountry "ENG"]
[WhiteTeam "S W Dragons 2"]
[BlackTeam "Pride+Prejudice"]

1. d4 d5 2. c4 c6 3. cxd5 cxd5 4. Bf4 Qb6 5. Qc2 Nc6 6. e3 Nb4 7. Qb3 Bf5 8.
Qa4+ Bd7 9. Qb3 Rc8 10. Nc3 Nf6 11. Nf3 Nh5 12. Bg5 h6 13. Bh4 g5 14. Bg3 Nxg3
15. hxg3 Bg7 16. Be2 O-O 17. O-O e6 18. a3 Na6 19. Qxb6 axb6 20. Rac1 Rc7 21.
Bd3 Rfc8 22. Rb1 Nb8 23. Nd2 Be8 24. g4 Bf8 25. g3 Bc6 26. f4 Nd7 27. Kg2 Bg7
28. Nf3 f6 29. Kf2 e5 30. Bf5 e4 31. Nd2 Re8 32. Rfc1 Rcc8 33. Bxd7 Bxd7 34.
Nxd5 Bxg4 35. Rxc8 Bxc8 36. Nxb6 Bf5 37. Rc1 Re6 38. Nd5 Kh7 39. Rc7 Rc6 40.
Rxc6 bxc6 41. Ne7 Bd7 42. Nxe4 gxf4 43. gxf4 h5 44. Nc5 Be8 45. Ne6 Bd7 46. Nd8
c5 47. dxc5 Bf8 48. Nd5 Kg6 49. b4 h4 50. Kf3 h3 51. Kg3 Kf5 52. e4+ Kg6 53.
f5+ Bxf5 54. Nf4+ Kg5 55. Nf7# 1-0

[Event "4NCL/Div3/PAP vs. SWD2"]
[Site "Coventry ENG"]
[Date "2007.01.13"]
[Round "5.5"]
[White "Lang, Heather"]
[Black "Brown, Alan M"]
[Result "0-1"]
[WhiteElo "2067"]
[BlackElo "2121"]
[PlyCount "62"]
[EventDate "2007.01.13"]
[EventType "team"]
[EventRounds "11"]
[EventCountry "ENG"]
[WhiteTeam "Pride+Prejudice"]
[BlackTeam "S W Dragons 2"]

1. e4 e6 2. Nc3 d5 3. d4 Bb4 4. Nge2 dxe4 5. a3 Be7 6. Nxe4 b6 7. N2c3 Bb7 8.
Bf4 Nf6 9. Qd3 Nbd7 10. O-O-O O-O 11. Ng5 h6 12. h4 c5 13. Qh3 Qe8 14. dxc5
Nxc5 15. Bb5 Qc8 16. f3 a6 17. Bc4 Rd8 18. Rxd8+ Qxd8 19. Be3 Qc7 20. Ba2 Rc8
21. g4 Nd5 22. Bxd5 Bxd5 23. Bxc5 Qxc5 24. Nge4 Qe3+ 25. Kb1 Bxe4 26. Nxe4 Rd8
27. g5 h5 28. g6 f5 29. Rf1 Qe2 30. Ng3 Rd1+ 31. Ka2 Qc4+ 0-1